Символика цвета в китайской и русской языковой картине мира; Научная инициатива иностранных студентов и аспирантов

Detaylı Bibliyografya
Parent link:Научная инициатива иностранных студентов и аспирантов.— 2023.— С. 64-67
Yazar: Лю Я
Müşterek Yazar: Национальный исследовательский Томский политехнический университет Школа общественных наук (570)
Diğer Yazarlar: Бохонная М. Е. Марина Евгеньевна (научный руководитель)
Özet:Текстовый файл
Dil:Rusça
Baskı/Yayın Bilgisi: 2023
Konular:
Online Erişim:http://earchive.tpu.ru/handle/11683/80361
Materyal Türü: Elektronik Kitap Bölümü
KOHA link:https://koha.lib.tpu.ru/cgi-bin/koha/opac-detail.pl?biblionumber=669890

MARC

LEADER 00000naa2a2200000 4500
001 669890
005 20241010161445.0
090 |a 669890 
100 |a 20240305d2024 k||y0rusy50 ca 
101 0 |a rus 
102 |a RU 
135 |a drcn ---uucaa 
200 1 |a Символика цвета в китайской и русской языковой картине мира  |f Лю Я, Бохонная М. Е.  |g науч. рук. Бохонная М. Е. ; Школа общественных наук НИ ТПУ 
320 |a Библиогр.: с. 64-67 
336 |a Текстовый файл 
463 |0 669745  |9 669745  |a Национальный исследовательский Томский политехнический университет, Школа общественных наук  |c Томск  |d 2023  |n Изд-во ТПУ  |o сборник докладов III Международной научно-практической конференции, Томск, 25-27 апреля 2023 г.  |p 1 файл (13,5 Mb, 692 с.)  |t Научная инициатива иностранных студентов и аспирантов  |u conference_tpu-2023-C19.pdf  |v С. 64-67 
610 1 |a электронный ресурс 
610 1 |a труды учёных ТПУ 
610 1 |a символика 
610 1 |a цветообозначение 
610 1 |a культура 
610 1 |a цвет 
700 0 |a Лю Я 
701 1 |a Бохонная  |b М. Е.  |c лингвист  |c доцент Томского политехнического университета, кандидат филологических наук  |f 1981-  |g Марина Евгеньевна  |9 18174 
702 1 |a Бохонная  |b М. Е.  |c лингвист  |c доцент Томского политехнического университета, кандидат филологических наук  |f 1981-  |g Марина Евгеньевна  |4 727 
712 0 2 |a Национальный исследовательский Томский политехнический университет  |c (2009- )  |b Школа общественных наук  |9 26305  |4 570 
801 0 |a RU  |b 63413507  |c 20240305  |g RCR 
856 4 |u http://earchive.tpu.ru/handle/11683/80361  |z http://earchive.tpu.ru/handle/11683/80361 
942 |c CF